000 00729nam a22002177a 4500
005 20131226153000.0
010 _aENG-108819
020 _a9780198097303
_c595.00
020 _a0198097301
_c595.00
035 _aEN-92352
037 _bDBAD/PUB
082 _a306.0954
245 _aDissenting knowledges, open futures :
_cedited by Vinay Lal
_bthe multiple selves and strange destination of Ashis Nandy /
250 _a2nd ed
260 _aNew Delhi
_bOxford University Press
_c2013
270 _aYMCA Library Builbing, 1 Jai Singh Road
_bNew Delhi
_e110001
300 _axxxiv,365p.
_c22cm(pbk)
500 _aIncludes bibliographical references
700 _aVinay Lal
942 _2ddc
_cEN
_mDIS
_h306.0954
999 _c81314
_d81314